| 000 | 00541cam a22001814a 4500 | ||
|---|---|---|---|
| 005 | 20250901165319.0 | ||
| 008 | 001020s2002 njua b 001 0 eng | ||
| 010 | _a 00051656 | ||
| 020 | _a0130326577 | ||
| 050 | 0 | 0 |
_aHG4011 .V34 2002 _b.V34 2002 |
| 082 | 0 | 0 |
_a658.15 _221 |
| 100 | 1 | _aVan Horne, James C. | |
| 245 | 1 | 0 |
_aFinancial management and policy / _cJames C. Van Horne. |
| 250 | _a12th ed. | ||
| 260 |
_aUpper Saddle River, N.J. : _bPrentice Hall, _cc2002. |
||
| 300 |
_axviii, 814 p. : _bill. (some col.) ; _c26 cm. |
||
| 942 | _2ddc | ||
| 999 |
_c2013 _d2013 |
||